Touristic Attractions - Statistics

General Stats
  • This quiz has been taken 25 times
  • The average score is 7 of 15
Answer Stats
Hint Answer % Correct
Copacabana Rio de Janeiro
100%
Spanish steps Rome
82%
Hermitage St Petersburg
68%
High line New York
55%
Freetown Christiania Copenhagen
50%
Zocalo Mexico city
45%
The Maasai market Nairobi
45%
Ginza district Tokyo
41%
Armenian quarter Jerusalem
36%
Széchenyi Thermal Bath Budapest
32%
Queen Victoria Market Melbourne
27%
Porta nigra Trier
27%
Bascarsija Sarajevo
18%
Golestan palace Tehran
18%
Registan Samarkand
14%
No matching quizzes found
Score Distribution
Percent of People with Each Score
Percentile by Number Answered
Your Score History
You have not taken this quiz